Lietuvos metrika

Titel: Lietuvos metrika = Lithuanian metrica = Litovskaja metrika / Lietuvos Istorijos Institutas
Teil: 22
Užrašymu̜ knyga = Book of inscriptions
22. (1547)
Beteiligt:
Körperschaft:
Veröffentlicht: Vilnius : Mokslo ir Enciklopediju̜ leidykla, 2010
Umfang: XVI, 173 S.
Format: Buch
Sprache: Litauisch
Schriftenreihe/
mehrbändiges Werk:
Lietuvos metrika / Lietuvos Istorijos Institutas ; 22 : Užrašymu̜ knyga ; 22
alle Bände anzeigen
ISBN: 9789955847335
Buchumschlag
X
Lokale Klassifikation: 45 5 E ; 45 12 F
alg: 28551452
001A    $03004:14-12-11 
001B    $01999:09-06-23 $t19:41:49.000 
001C    $03004:06-11-12 $t08:39:24.000 
001D    $03004:14-12-11 
001U    $0utf8 
001X    $00 
002@    $0Afu 
003@    $0285514520 
004A    $A978-9955-847-33-5 
007A    $0285514520 $aHEB 
007G    $0DE020C73C8AEC8D15033BC125796D0040BB4D 
007T    $0Herdhh032171773+222 
009P    $qapplication/pdf $A2 $3Inhaltsverzeichnis $uhttp://scans.hebis.de/HEBCGI/show.pl?28551452_toc.pdf $mV:DE-603;B:DE-Mb50 
010@    $alit 
011@    $a2010 
021A    $a(1547) 
028C    $BBearb. $#Blanut︠s︡a, Andriĭ $#Blanuca, A. $#Blanuca, A. V. $#Blanuca, Andrij $#Blanutsa, Andrii Vasylʹovych $#Blanutsa, Andrii $#Blanutsa, A. V. $#Blanutsa, A. $#Blanutsa, Andriy $#Blanuza, A. $#Blanuca, Andrej $#Blanuca, Andrijus $71012970884 $8Blanuca, Andrij Vasylʹovyč$Z1979- [Tp1] $9267332777 
029F    $RInstitut istorii $RLietuvos Mokslu̜ Akademija $#Institutum Historicum Lituanum $#Istorijos Institutas Vilnius $#Lietuvos Mokslu̜ Akademija, Lietuvos Istorijos Institutas $#Lietuvos Mokslu̜ Akademija, Istorijos Institutas $#Lietuviu̜ Istorijos Institutas $#Lietuvos Mokslu̜ Akademija, Lietuviu̜ Istorijos Institutas $#Institute of Lithuanian History Vilnius $#Lietuvos Mokslu̜ Akademija, Institute of Lithuanian History $#Institut Istorii Litvy $#Lietuvos Mokslu̜ Akademija, Institut Istorii Litvy $#Lithuanian Institute of History Vilnius $#LLI $#Институт истории Литвы $73015195-8 $8Lietuvos Istorijos Institutas [Tb1] $9044065353 
033A    $pVilnius $nMokslo ir Enciklopediju̜ leidykla 
034D    $aXVI, 173 S. 
036C    $a@Lietuvos metrika $fLithuanian metrica $fLitovskaja metrika $x222 $hLietuvos Istorijos Institutas $l22 
036C/01 $aUžrašymu̜ knyga $fBook of inscriptions $fKniga zapisej $l22 
036D    $x222 $8Lietuvos metrika / Lietuvos Istorijos Institutas $9032171773 
045F    $a900.947930903 $eDDC23BSB 
045F/01 $a900 
045F/03 $f0903 
045F/03 $f09041 
045F/03 $g4793 
045F/03 $g4382 
045F/03 $g43832 
045G    $a340.09 $eDDC23BSB 
045G/01 $a340.09 
045G/03 $f0903 
045G/03 $f09041 
045G/03 $g4793 

lok: 28551452 24
101B    $014-12-11 $t12:00:49.000 
101C    $014-12-11 
101U    $0utf8 
145Z/01 $a45 5 E 
145Z/02 $a45 12 F 

exp: 28551452 24 1 #EPN
201B/01 $014-12-11 $t12:00:49.000 
201C/01 $014-12-11 
201U/01 $0utf8 
203@/01 $0635332086 
208@/01 $a14-12-11 $bz 
209A/01 $a11.09701 $du $f050 $h11 09701 $x00 
209C/01 $a11.09701 K $h11 09701 K 
209G/01 $a72938259 $x00 
220C/01 $amar 
247C/01 $8358050-7 Marburg, Bibliothek des Herder-Instituts Marburg $9102600961 

lok: 28551452 78

exp: 28551452 78 1 #EPN
201B/01 $019-04-17 $t16:07:53.000 
201U/01 $0utf8 
203@/01 $0792624254 
208@/01 $a12-11-16 $be 
209A/01 $a/ $f000 $x00 
237A/01 $aweiterführende Signatur(en): Herder-Institut: 11.09701 
244Z/01 $2Trx $#Litauen $#Lithuania $#Litwa $#Litva $#Litva $8--Trx--Lietuva $x01 $9391193457 
244Z/01 $2Trx $#Prusy Wschodnie i Zachodnie $8--Trx--Ost- und Westpreußen $x02 $939113373X 
245Z/01 $a03.03.01 $x01 
247C/01 $82080>Marburg/Lahn, Herder-Institut, Forschungsbibliothek, Bibliographieportal $9336309341
LEADER 00000cam a2200000 cc4500
001 285514520
003 DE-603
005 20230609194149.0
007 tu
008 111214s2010 xx |||| | u00||u|lit c
020 |a 9789955847335 
035 |a (DE-599)HEB285514520 
040 |a DE-603  |b ger  |c DE-603  |d DE-603 
041 |a lit 
082 0 4 |8 1\u  |a 900.947930903  |q DE-101  |2 23/BSB 
083 0 |8 2\u  |a 340.09  |q DE-101  |2 23/BSB 
085 |8 1\u  |b 900 
085 |8 1\u  |z 1  |s 0903 
085 |8 1\u  |z 1  |s 09041 
085 |8 1\u  |z 2  |s 4793 
085 |8 1\u  |z 2  |s 4382 
085 |8 1\u  |z 2  |s 43832 
085 |8 2\u  |b 340.09 
085 |8 2\u  |z 1  |s 0903 
085 |8 2\u  |z 1  |s 09041 
085 |8 2\u  |z 2  |s 4793 
245 0 0 |a Lietuvos metrika  |b = Lithuanian metrica = Litovskaja metrika  |n 22  |n [...]  |p Užrašymu̜ knyga = Book of inscriptions  |n 22  |p (1547)  |c Lietuvos Istorijos Institutas 
264 1 |a Vilnius  |b Mokslo ir Enciklopediju̜ leidykla  |c 2010 
300 |a XVI, 173 S. 
700 1 |a Blanuca, Andrij Vasylʹovyč  |d 1979-  |e Bearb.  |4 edt  |0 (DE-603)267332777  |0 (DE-588)1012970884  |2 gnd 
710 2 |a Lietuvos Istorijos Institutas  |0 (DE-603)044065353  |0 (DE-588)3015195-8  |2 gnd 
773 0 8 |q 222  |w (DE-603)032171773 
856 4 2 |m V:DE-603;B:DE-Mb50  |q application/pdf  |u http://scans.hebis.de/HEBCGI/show.pl?28551452_toc.pdf  |3 Inhaltsverzeichnis 
924 0 |9 Mb 50  |a (DE-603)635332086  |b DE-Mb50  |c HES  |d c  |g 11.09701 
924 0 |9 2080  |a (DE-603)792624254  |b DE-2080  |c HES  |d d  |g /